1191 1451 1261 1170 1420 1927 1753 1991 1876 1261 1218 1157 1297 1959 1524 1558 1112 1455 1312 1504 1236 1077 1505 1332 1296 1709 1978 1025 1001 1846 1692 1241 1412 1178 1323 1457 1111 1548 1601 1997 1474 1411 1570 1726 1420 1097 1976 1917 1035 1112 1776 1918 1103 1504 1345 1602 1205 1270 1450 1347 1569 1983 1784 1933 1993 1179 1615 1657 1562 1423 1662 1727 1038 1643 1995 1358 1436 1107 1238 1040 1084 2000 1315 1417 1818 1786 1866 1347 1510 1391 1981 1067 1088 1637 1215 1558 1896 1999 1214 BCNSPRNW ULIB Ver.6.0+V

เปลี่ยนเป็นภาษาไทย

Change to English
 แสดงรายละเอียดบรรณานุกรม
  กลับหน้าหลัก

Brief Record : Get Marc (ISO 2709) : E-mail record : QR code < ปิดหน้าต่าง
LEADER : 00000nam 2200000uu 4500
001    13399126534
003     ULIB
008    181010s2018||||th 000 0 tha d
024 0  ^a9781260288117
041    ^aeng
060  0 ^aWY18.2^bG211F
100 0  ^aGanti, Latha
245 00 ^aFrst aid for the pediatrics clerkship/^cLatha Ganti,^cMatthew S. Kaufman,^cNeeraja Kairam,^cBrian M. Lurie &^cEthan S. Wiener
250    ^a4 th ed. (715 ฿)
260    ^aNew York :^bMcGraw-Hill Education,^c2018
300    ^a557 p.
650  0 ^aPediatrics
650  0 ^aClinical Clerkship
650  0 ^aStudy Guide Classification
700 0  ^aKaufman, Matthew S.
700 0  ^aKairam, Neeraja
700 0  ^aLurie, Brian M.
700 0  ^aWiener, Ethan S.
945    ^p0^l0^i26738
999    ^aกัณชพร จุลอักษร
รายการนี้ยังไม่มีแท็ก
คุณยังไม่ได้ล็อกอิน คุณสามารถมีกิจกรรมร่วมกับเว็บไซต์ได้ แต่ต้องล็อกอินก่อน ::
  ล็อกอิน

รายการสื่อสารสนเทศ

ลำดับที่ ประเภท เลขเรียก/บาร์โค้ด สถานที่ สถานะ
1. วิทยาศาสตร์การแพทย์ และสุขภาพ
วิทยาศาสตร์การแพทย์ และสุขภาพ
WY18.2 G211F ฉ.1 
  Barcode: 26738
ห้องสมุดวิทยาเขตนครสวรรค์
►หนังสือทั่วไป:l:General Books
บนชั้น

รายการใกล้เคียง
    ผู้แต่ง [Ganti, Latha]

    หัวเรื่อง [Pediatrics]
    หัวเรื่อง [Clinical Clerkship]
    หัวเรื่อง [Study Guide Classification]

BibComment


ยังไม่เคยถูกคอมเมนท์

คอมเมนท์ทรัพยากรรายการนี้
  คอมเมนท์: Frst aid for the..


 Copyright 2026. Bcnsprnw @Library